<?xml version="1.0" encoding="UTF-8"?>
<record
    xmlns:xsi="http://www.w3.org/2001/XMLSchema-instance"
    xsi:schemaLocation="http://www.loc.gov/MARC21/slim http://www.loc.gov/standards/marcxml/schema/MARC21slim.xsd"
    xmlns="http://www.loc.gov/MARC21/slim">

  <leader>01176nam2a2200265   4500</leader>
  <controlfield tag="001">RU\NLR\bibl\6319</controlfield>
  <controlfield tag="005">20250615005710.0</controlfield>
  <datafield tag="010" ind1=" " ind2=" ">
    <subfield code="a">5-85746-366-1</subfield>
    <subfield code="9">300</subfield>
  </datafield>
  <datafield tag="021" ind1=" " ind2=" ">
    <subfield code="a">RU</subfield>
    <subfield code="b">98-7721</subfield>
    <subfield code="9">368</subfield>
  </datafield>
  <datafield tag="035" ind1=" " ind2=" ">
    <subfield code="a">(NLR Aleph) 000006151</subfield>
  </datafield>
  <datafield tag="090" ind1=" " ind2=" ">
    <subfield code="a">17953</subfield>
    <subfield code="c">17953</subfield>
  </datafield>
  <datafield tag="100" ind1=" " ind2=" ">
    <subfield code="a">19981026d1997    |||y0rusy50      ca</subfield>
  </datafield>
  <datafield tag="101" ind1="0" ind2=" ">
    <subfield code="a">rus</subfield>
  </datafield>
  <datafield tag="102" ind1=" " ind2=" ">
    <subfield code="a">RU</subfield>
  </datafield>
  <datafield tag="105" ind1=" " ind2=" ">
    <subfield code="a">|||||||||||||</subfield>
  </datafield>
  <datafield tag="200" ind1="0" ind2=" ">
    <subfield code="a">&#x427;. 2</subfield>
  </datafield>
  <datafield tag="210" ind1=" " ind2=" ">
    <subfield code="d">1997</subfield>
    <subfield code="a">&#x411;. &#x43C;.</subfield>
  </datafield>
  <datafield tag="215" ind1=" " ind2=" ">
    <subfield code="a">47 &#x441;.</subfield>
  </datafield>
  <datafield tag="320" ind1=" " ind2=" ">
    <subfield code="a">&#x411;&#x438;&#x431;&#x43B;&#x438;&#x43E;&#x433;&#x440;. &#x432; &#x43A;&#x43E;&#x43D;&#x446;&#x435; &#x433;&#x43B;.</subfield>
  </datafield>
  <datafield tag="461" ind1=" " ind2="0">
    <subfield code="1">001RU\NLR\bibl\6599</subfield>
    <subfield code="1">2001#$a&#x41F;&#x440;&#x43E;&#x431;&#x43B;&#x435;&#x43C;&#x44B; &#x44F;&#x437;&#x44B;&#x43A;&#x430;, &#x441;&#x43E;&#x441;&#x442;&#x430;&#x432;&#x430; &#x442;&#x435;&#x43A;&#x441;&#x442;&#x430; &#x438; &#x436;&#x430;&#x43D;&#x440;&#x430; &#x441;&#x442;&#x430;&#x440;&#x43E;&#x43F;&#x435;&#x447;&#x430;&#x442;&#x43D;&#x44B;&#x445; &#x43F;&#x430;&#x43C;&#x44F;&#x442;&#x43D;&#x438;&#x43A;&#x43E;&#x432; &#x440;&#x443;&#x441;&#x441;&#x43A;&#x43E;&#x439; &#x43F;&#x438;&#x441;&#x44C;&#x43C;&#x435;&#x43D;&#x43D;&#x43E;&#x441;&#x442;&#x438; XVII-XVIII &#x432;&#x432;.$v&#x427;. 2</subfield>
    <subfield code="9">19044</subfield>
    <subfield code="a">&#x41A;&#x43B;&#x438;&#x43C;&#x435;&#x43D;&#x43A;&#x43E;, &#x41B;. &#x41F;.</subfield>
    <subfield code="c">&#x41D;.&#x41D;&#x43E;&#x432;&#x433;&#x43E;&#x440;&#x43E;&#x434;</subfield>
    <subfield code="d">1997</subfield>
    <subfield code="f">&#x41B;.&#x41F;. &#x41A;&#x43B;&#x438;&#x43C;&#x435;&#x43D;&#x43A;&#x43E;</subfield>
    <subfield code="n">&#x418;&#x437;&#x434;-&#x432;&#x43E; &#x41D;&#x41D;&#x413;&#x423;</subfield>
    <subfield code="o">&#x41C;&#x430;&#x442;&#x435;&#x440;&#x438;&#x430;&#x43B;&#x44B; &#x441;&#x43F;&#x435;&#x446;&#x43A;&#x443;&#x440;&#x441;&#x430;</subfield>
    <subfield code="t">&#x41F;&#x440;&#x43E;&#x431;&#x43B;&#x435;&#x43C;&#x44B; &#x44F;&#x437;&#x44B;&#x43A;&#x430;, &#x441;&#x43E;&#x441;&#x442;&#x430;&#x432;&#x430; &#x442;&#x435;&#x43A;&#x441;&#x442;&#x430; &#x438; &#x436;&#x430;&#x43D;&#x440;&#x430; &#x441;&#x442;&#x430;&#x440;&#x43E;&#x43F;&#x435;&#x447;&#x430;&#x442;&#x43D;&#x44B;&#x445; &#x43F;&#x430;&#x43C;&#x44F;&#x442;&#x43D;&#x438;&#x43A;&#x43E;&#x432; &#x440;&#x443;&#x441;&#x441;&#x43A;&#x43E;&#x439; &#x43F;&#x438;&#x441;&#x44C;&#x43C;&#x435;&#x43D;&#x43D;&#x43E;&#x441;&#x442;&#x438; XVII-XVIII &#x432;&#x432;.</subfield>
    <subfield code="v">&#x427;. 2</subfield>
  </datafield>
  <datafield tag="801" ind1=" " ind2="0">
    <subfield code="a">RU</subfield>
    <subfield code="b">NLR</subfield>
    <subfield code="c">19981026</subfield>
    <subfield code="g">PSBO</subfield>
  </datafield>
  <datafield tag="801" ind1=" " ind2="1">
    <subfield code="a">RU</subfield>
    <subfield code="b">NLR</subfield>
    <subfield code="c">19981026</subfield>
  </datafield>
  <datafield tag="852" ind1=" " ind2=" ">
    <subfield code="a">NLR</subfield>
    <subfield code="j">97-4/5820</subfield>
  </datafield>
  <datafield tag="942" ind1=" " ind2=" ">
    <subfield code="c">BOOK</subfield>
  </datafield>
  <datafield tag="980" ind1=" " ind2=" ">
    <subfield code="a">NB</subfield>
  </datafield>
  <datafield tag="995" ind1=" " ind2=" ">
    <subfield code="5">2013-10-26</subfield>
    <subfield code="b">NLR01</subfield>
    <subfield code="c">NLR01</subfield>
    <subfield code="e">RF8</subfield>
    <subfield code="f">6151-10</subfield>
    <subfield code="k">97-4/5820</subfield>
    <subfield code="o">0</subfield>
    <subfield code="r">BOOK</subfield>
    <subfield code="s">9745820_</subfield>
  </datafield>
</record>
